00000000nam##2200000za#4500
0019.557682
003CaOODSP
00520210624172018
007cr |||||||||||
008150406|2001||||xxc|||||o    f|0| 0 eng|d
040 |aCaOODSP|beng
043 |an-cn---
0861 |aNH18-22/95-202E-IN
1102 |aCanada Mortgage and Housing Corporation.
24514|aThe effects of glass doors on masonry fireplace spillage and surface temperatures |h[electronic resource]
260 |aOttawa - Ontario : |bCanada Mortgage and Housing Corporation
300 |a4p. (59 KB)
4901 |aResearch and development highlights; technical series |v95-202
590 |a01-12|b2001-03-23
69007|aHeating|2gcpds
69007|aHousing|2gcpds
69007|aConstruction materials|2gcpds
77508|tEffets de portes vitrées sur les émanations et les températures de surface d'un foyer en maçonnerie / |w(CaOODSP)9.607640
830#0|aResearch and development highlights; technical series ;|v95-202|w(CaOODSP)9.504481
85640|ahttp://publications.gc.ca|qPDF|s59 KB|uhttps://publications.gc.ca/collections/Collection/NH18-22-95-202E.pdf|y95-202